| 000 | 00949cab a2200253 4500 | ||
|---|---|---|---|
| 001 | ABS59674 | ||
| 008 | 090401t1998 xxu||||| |||| 00| 0 eng d | ||
| 035 | _a(Sirsi) u90090 | ||
| 041 | _aeng | ||
| 100 | _aJones, C. | ||
| 245 | 4 | _aThe right to buy: impacts and issues | |
| 260 | _c1998 | ||
| 350 | _a0 | ||
| 490 |
_aHousing Finance _v40 November 1998, 116-23(8) |
||
| 520 | _aSets out the background to the policy on right to buy and charts its progress, by drawing on recently completed research to identify key aspects of the policy, especially those that relate to the home ownership sector. Discusses issues elevant to government consideration of the future of the Right to Buy. | ||
| 650 | _aCAPITAL RECEIPTS | ||
| 650 | _aCOUNCIL HOUSES | ||
| 650 | _aLEGISLATION | ||
| 650 | _aPURCHASERS | ||
| 650 | _aRIGHT TO BUY | ||
| 690 | _aPROPERTY-RESIDENTIAL PROPERTY-RESIDENTIAL PROPERTY MARKET | ||
| 942 | _n0 | ||
| 948 | _c02/12/1998 | ||
| 999 |
_c57062 _d57062 |
||